| 000 | 00761cam a22002534a 4500 | ||
|---|---|---|---|
| 001 | 13420724 | ||
| 005 | 20180824063930.0 | ||
| 008 | 031202s2004 gaua b 001 0 eng | ||
| 010 | _a 2003025526 | ||
| 020 | _a0944235522 (pbk. : alk. paper) | ||
| 040 |
_aDLC _cDLC _dDLC |
||
| 041 | _aeng | ||
| 042 | _apcc | ||
| 080 | _a616.0472 | ||
| 082 | 0 | 0 |
_a616.0472 _222 |
| 100 | _a6 | ||
| 101 | _aKAN | ||
| 245 | 0 | 0 | _aAmerican Cancer Society's guide to pain control : |
| 246 | 3 | 0 | _aGuide to pain control |
| 246 | 3 | _aPain control | |
| 906 |
_a7 _bcbc _corignew _d1 _eecip _f20 _gy-gencatlg |
||
| 942 |
_2ddc _cBK |
||
| 999 |
_c47313 _d47313 |
||